Sexualidades recluidas, deseos clandestinos : género, sexualidad, violencia y agencia en situación de reclusion /

Bibliographic Details
Main Author: Romero García, Velvet (Author)
Format: Electronic eBook
Language:Spanish
Published: Ciudad de México, México : El Colegio de México, [2023]
Edition:Primera edición electrónica.
Subjects:
Online Access:Digitalia Hispánica

MARC

LEADER 00000nam a2200000 i 4500
001 DIGCOLMX0492
003 NyNyDIG
006 m o d
007 cr |||||||||||
008 231209t20232022mx a ob 001 0 spa d
035 |a (OCoLC)1414667535 
040 |a DGITA  |b eng  |e rda  |e pn  |c DGITA 
020 |a 9786075644936  |q electrónico 
020 |z 9786075643816  |q impreso 
043 |a n-mx--- 
050 1 4 |a HV8836 ebook 
100 1 |a Romero García, Velvet,  |e author. 
245 1 0 |a Sexualidades recluidas, deseos clandestinos :  |b género, sexualidad, violencia y agencia en situación de reclusion /  |c Velvet Romero García. 
250 |a Primera edición electrónica. 
264 1 |a Ciudad de México, México :  |b El Colegio de México,  |c [2023] 
264 4 |c ©2022 
300 |a 1 online resource :  |b illustrations. 
336 |a text  |b txt  |2 rdacontent 
337 |a computer file  |b c  |2 rdamedia 
338 |a online resource  |b cr  |2 rdacarrier 
347 |a text file  |2 rdaft 
347 |b EPUB 
504 |a Includes bibliographical references and Index. 
588 0 |a Online resource; title from ePub title page (Digitalia, viewed December 9, 2023) 
650 0 |a Prisoners  |x Sexual behavior  |z Mexico. 
650 0 |a Women prisoners  |x Sexual behavior  |z Mexico. 
651 0 |a Ecatepec (Mexico, Mexico). 
776 0 8 |i Print version:  |a Romero García, Velvet.  |t Sexualidades recluidas, deseos clandestinos.  |b Primera edición impresa.  |d Ciudad de México, México : El Colegio de México, [2022]  |z 9786075643816 
791 2 |a Digitalia (Firm),  |e distributor. 
793 0 |g Digitalia eBook Collection:  |a El Colegio de México 
856 4 0 |3 Digitalia Hispánica  |u https://www.digitaliapublishing.com/a/131861/ 
910 |a Premium collection: 2023